Poďte do sveta čarodejníkov a čarodejníc

Bibliographic Details
Main Author: Košický, Matej (Author)
Format: Article
Language:Slovak
PhysicalDescription:Fotogr.
ISSN:1335-9959
Subjects:

MARC

LEADER 00000nab a2200000 ar4500
001 vtls008409436
003 SK-MaSNL
005 20260303070128.0
008 051114c2005 xo mr|p|||||||000 b|slo
015 |a SNBRB2005/11  |2 snkbucl 
038 |a SNKBUCL 
040 |a SNKBUCL  |b slo  |c SNKBUCL  |e AACR2 
041 0 |a slo 
044 |a xo  |c SK 
080 |a 398.47:061.4  |2 1981 
080 |a 061.4  |2 1981 
100 1 |a Košický, Matej  |4 aut  |9 841915 
245 1 0 |a Poďte do sveta čarodejníkov a čarodejníc  |c Matej Košický 
300 |b Fotogr. 
650 0 7 |a čarodejnice  |2 snkbucl  |9 67372 
651 7 |a Košice (Slovensko)  |2 snkbucl  |9 18694 
773 0 |t Dimenzie  |g Roč. 5., č. 2 (2005), s. 44-45  |x 1335-9959 
852 |a SNK  |b KIS3GCP 
999 |c 1754058  |d 1755988